| 000 | 01054cab a2200205 4500 | ||
|---|---|---|---|
| 001 | ABS37786 | ||
| 008 | 090401t1987 xxu||||| |||| 00| 0 eng d | ||
| 035 | _a(Sirsi) u6740 | ||
| 041 | _aeng | ||
| 100 | _aVesey, D. | ||
| 245 | 2 | _aA new floor at Fleet Building , Farringdon Street, London EC4 | |
| 260 | _c1987 | ||
| 350 | _a0 | ||
| 490 |
_aStructural Engineer _v65A(6) June 1987, 225-230(6) |
||
| 520 | _aThis paper describes the design and construction of a new floor within an existing telephone exchange . Appraisal of the loads already carried by the structure showed parts of the building had little reserves of strength. Consequently, it was necessary to develop a novel design and construction method. Refurbishment of part of a building without disrupting normal activities requires particular attention to the planning stage and therefore to the design solution insofar as it affects construction. Figures. Photos. | ||
| 650 | _aSTRUCTURAL DESIGN | ||
| 690 | _aBUILT ENVIRONMENT-CONSTRUCTION DESIGN | ||
| 942 | _n0 | ||
| 948 | _c04/03/1997 | ||
| 999 |
_c4014 _d4014 |
||